| 000 | 01064cam a2200325 i 4500 | ||
|---|---|---|---|
| 003 | EG-ScBUE | ||
| 005 | 20241009133844.0 | ||
| 008 | 121005t2013 nyua f b 001 0 eng d | ||
| 020 | _a9781461454762 (alk. paper) | ||
| 020 | _a146145476X (alk. paper) | ||
| 040 |
_aIND _beng _erda _cIND _dYDXCP _dIXA _dDLC _dEG-ScBUE |
||
| 082 | 0 | 4 |
_222 _a515.35 _bHOL |
| 100 | 1 |
_aHolmes, Mark H., _eauthor. _938131 |
|
| 245 | 1 | 0 |
_aIntroduction to perturbation methods / _cMark H. Holmes. |
| 246 | 3 | 0 | _aPerturbation methods |
| 250 | _aSecond edition. | ||
| 264 | 1 |
_aNew York : _bSpringer, _c[2013] |
|
| 264 | 4 | _cc2013 | |
| 300 |
_axvii, 436 pages : _billustrations ; _c24 cm. |
||
| 336 |
_2rdacontent _atext _btxt |
||
| 337 |
_2rdamedia _aunmediated _bn |
||
| 338 |
_2rdacarrier _avolume _bnc |
||
| 490 | 1 |
_aTexts in Applied Mathematics, _x0939-2475 ; _v20 |
|
| 504 | _aIncludes bibliographical references and index. | ||
| 650 | 7 |
_aPerturbation (Mathematics) _2BUEsh _936431 |
|
| 651 | _2BUEsh | ||
| 653 |
_bENGGEN _cJune2015 |
||
| 655 | _vReading book | ||
| 942 |
_2ddc _cBB |
||
| 999 |
_c19506 _d19478 |
||